| 000 | 00807nmm a2200313 a 4500 | ||
|---|---|---|---|
| 003 | AR-BaBNM | ||
| 005 | 20251128211426.0 | ||
| 008 | 294020s1998 ||||||||||||||000 | spa|| | ||
| 020 | _a987-507-096-3 | ||
| 040 | _cAR-BaBNM | ||
| 100 | 1 | _aPinard, Gustavo E. | |
| 245 | 1 | 0 | _aLos derechos humanos en las constituciones del Mercosur |
| 260 |
_aBuenos Aires _bCiudad Argentina _c1998 |
||
| 300 | 0 | _a528 p. | |
| 650 | 4 | _aDERECHOS HUMANOS | |
| 650 | 4 | _aDERECHOS SOCIALES Y ECONOMICOS | |
| 650 | 4 | _aCONSTITUCION | |
| 650 | 4 | _aTRATADOS | |
| 650 | 4 | _aDERECHO CONSTITUCIONAL | |
| 650 | 4 | _aDEMOCRACIA | |
| 650 | 4 | _aDERECHOS CIVILES Y POLITICOS | |
| 651 | 4 | _aArgentina | |
| 651 | 4 | _aBrasil | |
| 651 | 4 | _aParaguay | |
| 651 | 4 | _aUruguay | |
| 653 | 0 | _aMERCOSUR | |
| 942 | _cBK | ||
| 998 | _cMariana | ||
| 999 |
_c19639 _d19639 |
||